将棋歴代王位クイズ - Statistics

General Stats
  • This quiz has been taken 14 times
  • The average score is 54 of 66
Answer Stats
年度 王位 % Correct
66 2025 藤井聡太
100%
65 2024 藤井聡太
100%
64 2023 藤井聡太
100%
63 2022 藤井聡太
100%
62 2021 藤井聡太
100%
61 2020 藤井聡太
100%
57 2016 羽生善治
100%
56 2015 羽生善治
100%
55 2014 羽生善治
100%
54 2013 羽生善治
100%
53 2012 羽生善治
100%
52 2011 羽生善治
100%
47 2006 羽生善治
100%
46 2005 羽生善治
100%
45 2004 羽生善治
100%
42 2001 羽生善治
100%
41 2000 羽生善治
100%
40 1999 羽生善治
100%
39 1998 羽生善治
100%
38 1997 羽生善治
100%
37 1996 羽生善治
100%
36 1995 羽生善治
100%
35 1994 羽生善治
100%
34 1993 羽生善治
100%
12 1971 大山康晴
92%
11 1970 大山康晴
92%
10 1969 大山康晴
92%
9 1968 大山康晴
92%
8 1967 大山康晴
92%
7 1966 大山康晴
92%
6 1965 大山康晴
92%
5 1964 大山康晴
92%
4 1963 大山康晴
92%
3 1962 大山康晴
92%
2 1961 大山康晴
92%
1 1960 大山康晴
92%
44 2003 谷川浩司
85%
43 2002 谷川浩司
85%
32 1991 谷川浩司
85%
31 1990 谷川浩司
85%
30 1989 谷川浩司
85%
28 1987 谷川浩司
85%
22 1981 中原誠
85%
21 1980 中原誠
85%
19 1978 中原誠
85%
18 1977 中原誠
85%
17 1976 中原誠
85%
16 1975 中原誠
85%
15 1974 中原誠
85%
14 1973 中原誠
85%
59 2018 豊島将之
77%
20 1979 米長邦雄
77%
25 1984 加藤一二三
69%
60 2019 木村一基
54%
58 2017 菅井竜也
46%
51 2010 広瀬章人
46%
33 1992 郷田真隆
46%
50 2009 深浦康市
38%
49 2008 深浦康市
38%
48 2007 深浦康市
38%
27 1986 高橋道雄
31%
26 1985 高橋道雄
31%
24 1983 高橋道雄
31%
23 1982 内藤國雄
31%
13 1972 内藤國雄
31%
29 1988 森雞二
23%
No matching quizzes found
Score Distribution
Percent of People with Each Score
Percentile by Number Answered
Your Score History
You have not taken this quiz